000
00315nam a22001337a 4500
999
_c
54898
_d
54898
008
190621b ||||| |||| 00| 0 eng d
020
_a
9789951672030
041
_a
alb
080
_a
341
100
_a
0
101
_a
SHJ
245
_a
Hyrje në të Drejtën (Fillet e së drejtës)
_c
Berisha, F
942
_2
udc
_c
BK